Quizz sur la Mythologie. Niveau FACILE - Statistiques

Statistiques générales
  • Ce quiz a été pris 1 254 fois
  • Le résultat moyen est 5 sur 10
Statistiques - réponses
Question Réponse % Correct
Qui est le roi des dieux dans la mythologie grecque ? Zeus
99%
Quel héros est connu pour avoir accompli plusieurs travaux redoutables ? Hercule (ou Héraclès)
94%
Quelle figure divine est associée à l'amour et à la beauté ? Aphrodite
87%
Quel dieu est connu comme le messager des dieux dans la mythologie grecque ? Hermès
62%
Quel dieu romain est connu pour son aspect guerrier ? Mars
55%
Quel héros a joué un rôle central dans un célèbre conflit, souvent considéré comme un grand guerrier ? Achille
50%
Quel marteau est attribué au dieu du tonnerre dans la mythologie nordique ? Mjölnir
34%
Quel animal est souvent considéré comme le symbole de la sagesse dans certains mythes ? La chouette
33%
Dans l'Egypte ancienne, qui était le dieu des morts ? Osiris
25%
Comment s'appelle le serpent géant dans la mythologie nordique ? Jörmungandr
6%
Aucun quiz correspondant
Distribution des résultats
% des personnes avec chaque résultat
Percentile par nombre de réponses
Votre historique - résultats
Vous n’avez pas pris ce quiz